000 00857nam a2200241 i 4500
001 172565
003 ES-MaACL
005 20230906214945.0
008 090720s2001 fr |||| | fre d
020 _a2-224-02627-7
080 _a616.12-073.7
100 1 _aHamm, Christian W.
_9141105
245 1 0 _aECG /
_cChristian W. Hamm, Stephan Willems ; avec la collaboration de Stephan Baldus, [et al.] ; préface de Thomas Meinertz.
260 _aParis :
_bMaloine,
_c2001.
300 _aXI, 288 p. :
_bil., gráf. ;
_c19 cm.
490 1 _aChecklists de médecine
594 _aECG = électrocardiogramme.
650 4 _aElectrocardiografía.
_9140101
700 1 _aWillems, Stephan.
_9141106
830 0 _aChecklists de médecine
_9189093
852 4 _aES-MaACL
_jE-12873
_9R.139430
_z. - Biblioteca Jacinto Martínez Lacalle
999 _c172565
_d172565